Les 10 pays commençant par S les plus proches des à Singapour - Statistiques

Statistiques générales
  • Ce quiz a été pris 170 fois
  • Le résultat moyen est 7 sur 10
Statistiques - réponses
km pays % Correct
2493 Sri Lanka
82%
5862 Somalie
81%
9310 Samoa
76%
7337 Soudan
74%
7417 Syrie
74%
7543 Soudan du Sud
67%
5340 Seychelles
62%
5807 Salomon
61%
9253 Slovaquie
51%
9161 Serbie
39%
Aucun quiz correspondant
Distribution des résultats
% des personnes avec chaque résultat
Percentile par nombre de réponses
Votre historique - résultats
Vous n’avez pas pris ce quiz